Halsbury's laws of England : Bankruptcy and Individual Insolvency, vol. 5. / (Record no. 3471)

MARC details
000 -LEADER
fixed length control field 01276nam a22001937a 4500
008 - FIXED-LENGTH DATA ELEMENTS--GENERAL INFORMATION
fixed length control field 140818b xxu||||| |||| 00| 0 eng d
020 ## - INTERNATIONAL STANDARD BOOK NUMBER
International Standard Book Number 9781405763561
050 ## - LIBRARY OF CONGRESS CALL NUMBER
Classification number KD310.H34(5e vol.5)
245 ## - TITLE STATEMENT
Title Halsbury's laws of England : Bankruptcy and Individual Insolvency, vol. 5. /
Statement of responsibility, etc. edited by Lord Mackay
Remainder of title Bankruptcy and individual insolvency. /
250 ## - EDITION STATEMENT
Edition statement 5th ed.
260 ## - PUBLICATION, DISTRIBUTION, ETC.
Place of publication, distribution, etc. London:
Name of publisher, distributor, etc. Lexis Nexis,
Date of publication, distribution, etc. 2013.
300 ## - PHYSICAL DESCRIPTION
Extent 680p.:
Dimensions 26cm.
440 ## - SERIES STATEMENT/ADDED ENTRY--TITLE
Volume/sequential designation vol. 5
Name of part/section of a work Bankruptcy and individual insolvency.
500 ## - GENERAL NOTE
General note Includes index.
505 ## - FORMATTED CONTENTS NOTE
Formatted contents note Contents: How to use Halbury's laws of England -- References and abbreviations -- Table of statutes -- Table of statutory instruments -- Table of civil procedure -- Table of European Union legislation -- Table of non-statutory materials -- Table of cases -- Bankruptcy and individual insolvency: Table of contents -- Introduction -- Institutions -- European Regulation on insolvency proceedings -- Individual voluntary arrangements -- Debt relief orders -- Bankruptcy -- Practice and procedure in insolvency proceedings -- Cross border insolvency -- Insolvent estates of deceased persons -- Insolvent partnerships -- Other debt management arrangements -- Index.
650 ## - SUBJECT ADDED ENTRY--TOPICAL TERM
Topical term or geographic name entry element Law
700 ## - ADDED ENTRY--PERSONAL NAME
Personal name Mackay, Lord
942 ## - ADDED ENTRY ELEMENTS (KOHA)
Source of classification or shelving scheme Library of Congress Classification
Koha item type Books
Holdings
Withdrawn status Lost status Source of classification or shelving scheme Damaged status Not for loan Home library Current library Shelving location Date acquired Total Checkouts Full call number Barcode Date last seen Copy number Price effective from Koha item type
    Library of Congress Classification     WISCONSIN INTERNATIONAL UNIVERSITY COLLEGE, GHANA - MAIN LIBRARY WISCONSIN INTERNATIONAL UNIVERSITY COLLEGE, GHANA - MAIN LIBRARY Law Library 18/08/2014   KD310.H34(5e vol.5) 1085/73/14 18/08/2014 1 18/08/2014 Books

If you have any concerns or questions; kindly contact the library


© Powered by WIUC ICT DIRECTORATE